European retail property (Record no. 108997)
[ view plain ]
| 000 -LEADER | |
|---|---|
| fixed length control field | 01169cad a22002415a 4500 |
| 001 - CONTROL NUMBER | |
| control field | L145975 |
| 008 - FIXED-LENGTH DATA ELEMENTS--GENERAL INFORMATION | |
| fixed length control field | 081127s2008 xxkd f s 000 0 eng d |
| 035 ## - SYSTEM CONTROL NUMBER | |
| System control number | (Sirsi) u145975 |
| 041 0# - LANGUAGE CODE | |
| Language code of text/sound track or separate title | eng |
| 050 04 - LIBRARY OF CONGRESS CALL NUMBER | |
| Classification number | 333.337 $2 18 |
| 110 2# - MAIN ENTRY--CORPORATE NAME | |
| Corporate name or jurisdiction name as entry element | King Sturge |
| 9 (RLIN) | 3877 |
| 245 00 - TITLE STATEMENT | |
| Title | European retail property |
| Medium | [electronic resource] |
| 260 ## - PUBLICATION, DISTRIBUTION, ETC. | |
| Place of publication, distribution, etc. | [S.l.] |
| Name of publisher, distributor, etc. | King Sturge |
| Date of publication, distribution, etc. | 2008 |
| 490 #0 - SERIES STATEMENT | |
| Series statement | King Sturge European Retail Property |
| Volume/sequential designation | 2009 |
| 520 ## - SUMMARY, ETC. | |
| Summary, etc. | Reports that 70% of all retail sales in Europe come from only five countries (France, Germany, Italy, Spain and the UK) and that these economies are likely to be in or near recession in 2009. However, despite the precarious nature of the retail sector and declining total returns, the report urges cautious optimism. Concludes that it is now a tenants' market. |
| 590 ## - LOCAL NOTE (RLIN) | |
| Local note | KA |
| 650 24 - SUBJECT ADDED ENTRY--TOPICAL TERM | |
| Topical term or geographic name entry element | KING STURGE EUROPEAN RETAIL PROPERTY |
| 651 #4 - SUBJECT ADDED ENTRY--GEOGRAPHIC NAME | |
| Geographic name | Europe |
| 690 ## - LOCAL SUBJECT ADDED ENTRY--TOPICAL TERM (OCLC, RLIN) | |
| Topical term or geographic name as entry element | PROPERTY-COMMERCIAL PROPERTY-COMMERCIAL PROPERTY MARKET |
| 690 ## - LOCAL SUBJECT ADDED ENTRY--TOPICAL TERM (OCLC, RLIN) | |
| Topical term or geographic name as entry element | PROPERTY-COMMERCIAL PROPERTY-RETAIL PROPERTY |
| 856 40 - ELECTRONIC LOCATION AND ACCESS | |
| Uniform Resource Identifier | <a href="https://www.kingsturge.com/">https://www.kingsturge.com/</a> |
| Public note | View the research report free of charge (registration required) at www.kingsturge.com... |
| 942 ## - ADDED ENTRY ELEMENTS (KOHA) | |
| Suppress in OPAC | 0 |
| Withdrawn status | Lost status | Source of classification or shelving scheme | Damaged status | Not for loan | Home library | Current library | Shelving location | Date acquired | Total Checkouts | Full call number | Barcode | Date last seen | Copy number | Price effective from | Koha item type |
|---|---|---|---|---|---|---|---|---|---|---|---|---|---|---|---|
| Dewey Decimal Classification | Virtual | Virtual | Online | 27/11/2008 | ONLINE PUBLICATION | 145975-2001 | 06/08/2019 | 1 | 06/08/2019 | Online material |